|
|
|
|
| LEADER |
01308nam a2200361za 4500 |
| 001 |
001000140 |
| 003 |
CZ BrMZK |
| 005 |
20200417121345.0 |
| 007 |
ta |
| 008 |
070522s2004 enk||||grp||||||||||engod |
| 020 |
|
|
|a 0521533007
|
| 040 |
|
|
|a BOA001
|b cze
|
| 072 |
|
7 |
|a 811.111
|x Angličtina
|2 Konspekt
|9 11
|
| 072 |
|
7 |
|a 37.016
|x Učební osnovy. Vyučovací předměty. Učebnice
|2 Konspekt
|9 22
|
| 080 |
|
|
|a 811.111
|2 MRF
|
| 080 |
|
|
|a 81'24:37.091.27
|2 MRF
|
| 080 |
|
|
|a (075)
|2 MRF
|
| 100 |
1 |
|
|a Jakeman, Vanessa
|7 pna2005307279
|
| 245 |
1 |
0 |
|a Step up to IELTS. Personal study book :
|b with answers /
|c Vanessa Jakeman and Clare McDowell
|
| 246 |
1 |
4 |
|a Cambridge step up to IELTS
|
| 250 |
|
|
|a 1st publ.
|
| 260 |
|
|
|a Cambridge :
|b Cambridge University Press,
|c 2004
|
| 300 |
|
|
|a 80 s. :
|b il.
|
| 490 |
1 |
|
|a Cambridge books for Cambridge exams
|
| 650 |
0 |
7 |
|a angličtina
|7 ph114056
|2 czenas
|
| 650 |
0 |
7 |
|a jazykové zkoušky
|7 ph466388
|2 czenas
|
| 650 |
0 |
7 |
|a International English Language Testing System
|7 ph466392
|2 czenas
|
| 655 |
|
7 |
|a učebnice
|7 fd133770
|2 czenas
|
| 830 |
|
0 |
|a Cambridge books for Cambridge exams
|
| 910 |
|
|
|a BOA001
|b AK-0005.403,2
|
| 990 |
|
|
|a BK
|
| 991 |
|
|
|z 000048726
|x 99
|
| 996 |
7 |
|
|b 261E006593
|c AK-0005.403,2
|l Anglická knihovna/2.patro
|r ZHR
|n 45
|h XI
|w 001000140
|u 000010
|a 0
|e BOA001
|j MZK50
|s A
|